Gemerský kotlík chutil aj pobavil

Bibliographic Details
Format: Article
Language:Slovak
PhysicalDescription:Fotogr.
Subjects:

MARC

LEADER 00000nab a2200000 a 4500
001 vtls010693845
003 SK-MaSNL
005 20260303090037.0
008 150721c2015 xo er| 0 0slo
038 |a RVGKPD 
040 |a RVGKPD  |b slo  |c RVGKPD  |e AACR2 
041 |a slo 
044 |a xo  |c SK 
080 |a 641.522.6  |2 2008 
245 0 0 |a Gemerský kotlík chutil aj pobavil  |c [autor] (rp) 
300 |b Fotogr. 
611 2 7 |a Gemerský kotlík  |d (2015 :  |c Rožňava, Slovensko)  |2 rvgkpd  |9 1096427 
650 0 7 |a súťaže vo varení  |2 rvgkpd  |9 1096428 
651 7 |a Rožňava (Slovensko)  |2 rvgkpd  |9 17394 
773 0 |t Naše novinky : Rožňava  |g Roč. II, č. 13 (2015), s. 3 
852 |a RVGKPD  |b KIS3G 
992 |a RBX 
999 |c 1801613  |d 1803543